Państwa Miasta #1 - Statystyki

Ogólne statystyki
  • Ten quiz został rozwiązany 521 razy
  • Średni wynik to 12 z 25
Statystyki odpowiedzi
A A % Poprawnych
Państwo: Afganistan / Albania / Armenia / Argentyna /Azerbejdżan / Antigua i Barbuda / Arabia Saudyjska / Albania/ Austria/ Australia / Andora / Angola
99%
Państwo: Bahamy / Bahrajn / Belgia / Boliwia / Bangladesz / Barbados /Bośnia i Hercegowina / Belize / Benin / Bhutan / Białoruś / Bułgaria / Botswana / Brazylia / Brunei / Burundi / Burkina Faso
81%
Państwo: Chile / Chiny / Chorwacja / Cypr / Czad / Czarnogóra / Czechy
78%
Państwo: Dania / Demokratyczna Republika Konga / Dominika / Dominikana /Dżibuti
73%
Owoc: Aronia / Agrest / Aktinidia / Awokado / Acai / Arbuz / Ananas /Acerola
72%
Zwierzę: Baran / Bawół / Bażant / Bąk / Białoczółka / Bóbr / Borsuk / Byk / Biedronka / Bocian / Boa / Bernikla / Bielik / Brzegowiec
70%
Zwierzę: Aguti / Aguti / Aguti / Alka / Aloza / Alpaka / Anakonda / Antylopa /Ara / Awoceta
69%
Owoc: Banan / Borówka / Brzoskwinia / Bez / Berberys
69%
Miasto:
(powyżej 1mln
mieszkańców)
Bagdad / Bak u / Bandżul / Barcelona / Bejrut / Belgrad / Berlin /Berno / Birmingham / Biszkek / Bogota / Brasília / Brazzaville / Budapeszt / Buenos Aires / Bukareszt
68%
Państwo: Egipt / Erytrea / Estonia / Ekwador / Etiopia / Eswatini
67%
Owoc: Czerymoja / Czereśnie / Cytryna
56%
Choroba: Bezsenność / Białaczka / Borelioza / Biegunka / Bielactwo / Bliznowiec / Bostonka / Brodawki... / Bruceloza / Bulimia / Bradykardia
51%
Choroba: Angina / Astma / Alergia / AIDS / Alkoholizm / Afantazja /Adaptogeny / Afazja / Afta / Akrania / Agnezja
50%
Zwierzę: Dorsz / Daniel / Delfin / Dzik / Dziobak / Dingo / Dikdik / Diabeł tasmański /Dront dodo
48%
Zwierzę: Czapla / Chrząszcz / Chomik / Czajka / Czarna wdowa / Czyż
46%
Zwierzę: Emu / Eland / Edredon / Eskulapa
43%
Miasto:(powyżej 1mln mieszkańców) Ahmadabad / Aleksandria / Ankara / Abidżan / Algier /Aleppo / Addis Abeba / Akra / Amman / Ałmaty
36%
Owoc: Daktyl / Dereń
27%
Miasto:
(powyżej 1mln
mieszkańców
Delhi / Dhaka / Dżakarta / Doha / Dakar / Dżudda / Damaszek
27%
Choroba: Daltonizm / Depresja / Dna moczanowa / Dur brzuszny / Dystrofia mięśniowa / Dusznica bolesna / Dystymia / Dysbakterioza / Dżuma
23%
Choroba: Celiakia / Cellulitis / Chlamydioza / Choroba lokomocyjna / Cholera /Chłoniak / Cholecystektomia
18%
Miasto:
(powyżej 1mln
mieszkańców)
Chongqing / Chennai / Casablanca / Chartum / Chartum / Caracas / Cali /
16%
Miasto:
(powyżej 1mln
mieszkańców
Erywań / El Alto
13%
Choroba: Endometrioza / Endoprotezy / Egzema / Eozynofilowe zapalenie przełyku
6%
Owoc: Eugenia
4%
Nie znaleziono quizów pasujących do podanych kryteriów
Rozkład punktacji
Procent ludzi z każdym wynikiem
Percentyl według liczby udzielonych odpowiedzi
Twoja historia wyników
Nie rozwiązałeś tego quizu